Cieľom samoregulačných orgánov nie je byť reaktívny, ale projektívny
Charakteristika a ciele Rady pre reklamu. Vznik rady, podmienky členstva v rade. Snaha rady o uzákonenie etických zásad reklamnej praxe v SR. Vzťah rady k zákonu o reklame. Vzťah etiky a reklamy. Osvetová a vzdelávacia činnosť rady v oblasti etiky. Rada zastupuje svojich členov v Európskej aliancii...
Guardado en:
| Autor principal: | |
|---|---|
| Otros Autores: | |
| Formato: | Capítulo de libro |
| Lenguaje: | eslovaco |
| Materias: | |
| Etiquetas: |
Sin Etiquetas, Sea el primero en etiquetar este registro!
|
MARC
| LEADER | 00000naa a2200000 4500 | ||
|---|---|---|---|
| 001 | r025271 | ||
| 005 | 20230921080632.7 | ||
| 041 | 0 | |a slo | |
| 044 | |a SK | ||
| 245 | 1 | 0 | |a Cieľom samoregulačných orgánov nie je byť reaktívny, ale projektívny |c A. Cocherová, B. Žiačiková |
| 520 | |a Charakteristika a ciele Rady pre reklamu. Vznik rady, podmienky členstva v rade. Snaha rady o uzákonenie etických zásad reklamnej praxe v SR. Vzťah rady k zákonu o reklame. Vzťah etiky a reklamy. Osvetová a vzdelávacia činnosť rady v oblasti etiky. Rada zastupuje svojich členov v Európskej aliancii pre reklamu. | ||
| 610 | 2 | 0 | |a reklama |
| 610 | 2 | 0 | |a Rada pre reklamu Bratislava |
| 610 | 2 | 0 | |a etika |
| 610 | 2 | 0 | |a vzdelávanie |
| 610 | 2 | 0 | |a Slovensko |
| 610 | 2 | 0 | |a zákony |
| 100 | 1 | |a Cocherová, A. | |
| 700 | 1 | |a Žiačiková, B. | |